| 000 | 00392nam a2200133Ia 4500 | ||
|---|---|---|---|
| 008 | 220217s9999||||xx |||||||||||||| ||und|| | ||
| 020 | _a81-7992-519-6 | ||
| 082 | _a621.382 2 KES | ||
| 100 |
_aKesavamurthy, N. and Iyer, Narayana, S _95793 |
||
| 245 | 0 | _aDigital signal processing | |
| 260 |
_aJaico publishing house _bMumbai _c2006 |
||
| 300 | _b325 | ||
| 650 |
_aSIGNAL PROCESSING _9719 |
||
| 999 |
_c176944 _d176944 |
||